000 00425cam a2200181 4500
001 D12103
008 090401t1902 xxu||||| |||| 00| 0 eng d
035 _a(Sirsi) u1211
041 _aeng
100 _aBeaton, Alfred Charles
245 _aQuantities and measurements...
250 _a11th
260 _aLondon
_bCrosby Lockwood & Son
_c1902
350 _a0
520 _aShelf 151
942 _n0
948 _c04/03/1997
999 _c85647
_d85647